[Event "FB23 1920 FC Bayern München - SC Bavari"]
[Site "?"]
[Date "2020.02.02"]
[Round "5.5"]
[White "Schilay, Eva"]
[Black "Ankerst, Milka"]
[Result "1/2-1/2"]
[WhiteElo "1671"]
[BlackElo "2004"]
[PlyCount "103"]
[EventDate "2020.??.??"]

1. e4 c5 2. Nc3 Nc6 3. g3 g6 4. Bg2 Bg7 5. d3 e6 6. Be3 d6 7. f4 Nge7 8. Nf3
Nd4 9. Qd2 Bd7 10. O-O O-O 11. Rab1 Rb8 12. Ne2 Nxe2+ 13. Qxe2 b6 14. d4 Rc8
15. c3 Bc6 16. Bf2 Qd7 17. Rfd1 Qb7 18. Ne1 c4 19. Qxc4 Bxe4 20. Bxe4 Qxe4 21.
Qd3 Qd5 22. a3 Rc7 23. Rd2 Rfc8 24. Rbd1 b5 25. Nc2 Qb3 26. Ne3 d5 27. Ng4 Nf5
28. Re1 Nd6 29. Ne5 Bxe5 30. fxe5 Nc4 31. Rde2 a5 32. Be3 Nxe3 33. Qxe3 b4 34.
cxb4 Qxe3+ 35. Rxe3 axb4 36. a4 Rc2 37. R1e2 b3 38. Kf2 Rxe2+ 39. Rxe2 Rc4 40.
Rd2 Rxa4 41. Rd3 Rb4 42. Ke3 h5 43. Kd2 Kf8 44. Kc3 Rb7 45. Rd1 Ke7 46. Ra1 f5
47. Ra8 Kf7 48. h4 Kg7 49. Rc8 Rb6 50. Ra8 Kf7 51. Ra7+ Kf8 52. Rc7 1/2-1/2

[Event "FB23 1920 SK Freiburg-Zähringen - SC B"]
[Site "?"]
[Date "2020.02.15"]
[Round "6.1"]
[White "Bardorz, Jana"]
[Black "Paddock, Silvia"]
[Result "0-1"]
[WhiteElo "1963"]
[BlackElo "2189"]
[PlyCount "118"]
[EventDate "2020.??.??"]

1. e4 c5 2. Nf3 d6 3. d4 cxd4 4. Nxd4 Nf6 5. Nc3 a6 6. f4 e6 7. Qf3 Qc7 8. Bd3
Nc6 9. Nde2 Be7 10. g4 b5 11. Be3 Bb7 12. Ng3 Nb4 13. f5 d5 14. g5 dxe4 15.
Ngxe4 Nxd3+ 16. cxd3 Nxe4 17. dxe4 b4 18. fxe6 fxe6 19. Ne2 Qe5 20. O-O Qxe4
21. Qxe4 Bxe4 22. Rac1 Rf8 23. Nd4 Rxf1+ 24. Kxf1 Kd7 25. Nb3 Bd5 26. Nc5+ Ke8
27. a3 a5 28. axb4 axb4 29. Nd3 Bd6 30. Bf4 Bxf4 31. Nxf4 Kd7 32. Nxd5 exd5 33.
Rc5 Rf8+ 34. Ke2 Rf5 35. h4 Kd6 36. Rb5 Rf4 37. Rb7 Rxh4 38. Rxg7 Ke5 39. Kd3
Rh3+ 40. Kc2 b3+ 41. Kd2 Kd4 42. Rb7 Rh2+ 43. Kc1 Rh5 44. Rxb3 Rxg5 45. Rh3 h5
46. Kd2 Ke4 47. b4 Kf4 48. b5 d4 49. Rh4+ Kg3 50. Rxd4 Rxb5 51. Rd3+ Kg2 52.
Rd4 Rg5 53. Ke3 Rg3+ 54. Ke2 Rg4 55. Rd5 h4 56. Ke3 h3 57. Rd2+ Kg3 58. Kd3 h2
59. Rd1 Rh4 0-1

[Event "FB23 1920 SK Freiburg-Zähringen - SC B"]
[Site "?"]
[Date "2020.02.15"]
[Round "6.2"]
[White "Hund, Barbara"]
[Black "Leuchsenring, Christina"]
[Result "1-0"]
[WhiteElo "2084"]
[BlackElo "1933"]
[PlyCount "135"]
[EventDate "2020.??.??"]

1. e4 c5 2. Nc3 d6 3. f4 g6 4. Nf3 Bg7 5. Bc4 Nc6 6. O-O Nf6 7. d3 O-O 8. a4 e6
9. Bb3 d5 10. Qe1 b6 11. Qh4 dxe4 12. dxe4 Nd4 13. Be3 Nxb3 14. cxb3 Bb7 15.
Rad1 Qb8 16. f5 exf5 17. exf5 Re8 18. Bg5 Ne4 19. fxg6 fxg6 20. Bf4 Qc8 21.
Nxe4 Bxe4 22. Ng5 h6 23. Nxe4 Rxe4 24. Qg3 g5 25. Bd2 Bd4+ 26. Kh1 Qg4 27. Qxg4
Rxg4 28. Bc3 Re8 29. h3 Rge4 30. b4 Bxc3 31. bxc3 cxb4 32. cxb4 Rxb4 33. Rf6
Rxa4 34. Rd7 Rf4 35. Rg6+ Kf8 36. Rxa7 Rf7 37. Ra4 b5 38. Rb4 Re1+ 39. Kh2 Re5
40. Rxh6 Kg7 41. Rb6 Rff5 42. Kg3 Rc5 43. Kg4 Rfe5 44. Rd4 Rcd5 45. Rxd5 Rxd5
46. Kh5 Kf7 47. g4 Re5 48. h4 gxh4+ 49. Kxh4 Kg7 50. g5 Rc5 51. Kh5 Rf5 52.
Rb7+ Kf8 53. Kg6 Rc5 54. Kh6 Rc1 55. Rb8+ Ke7 56. Rxb5 Rh1+ 57. Kg7 Rg1 58. g6
Rg2 59. Rb7+ Ke8 60. Rb6 Ke7 61. Kg8 Rg1 62. g7 Rh1 63. Rb4 Rg1 64. Re4+ Kf6
65. Rf4+ Ke7 66. Rf2 Rh1 67. Re2+ Kf6 68. Kf8 1-0

[Event "FB23 1920 SK Freiburg-Zähringen - SC B"]
[Site "?"]
[Date "2020.02.15"]
[Round "6.3"]
[White "Hausmann, Sarah"]
[Black "Hund, Sarah"]
[Result "0-1"]
[WhiteElo "1642"]
[BlackElo "2011"]
[PlyCount "70"]
[EventDate "2020.??.??"]

1. d4 Nf6 2. Nf3 e6 3. Bf4 d5 4. e3 c5 5. c3 Nc6 6. Nbd2 cxd4 7. cxd4 Bd6 8.
Bg3 O-O 9. Bd3 Qe7 10. Ne5 Nd7 11. f4 Nb4 12. Bb1 f6 13. Nd3 Nxd3+ 14. Bxd3 e5
15. O-O exf4 16. Bxh7+ Kxh7 17. Qh5+ Kg8 18. Qxd5+ Rf7 19. Ne4 Bc7 20. Bxf4 Nb6
21. Qc5 Qxe4 22. Bxc7 Be6 23. Bxb6 axb6 24. Qd6 Rxa2 25. Rxa2 Bxa2 26. Qxb6
Qxe3+ 27. Kh1 Rd7 28. Qa5 Bd5 29. Qc3 Qxc3 30. bxc3 Re7 31. Kg1 Re2 32. Rf2
Re1+ 33. Rf1 Rxf1+ 34. Kxf1 Bc4+ 35. Kf2 Kf7 0-1

[Event "FB23 1920 SK Freiburg-Zähringen - SC B"]
[Site "?"]
[Date "2020.02.15"]
[Round "6.4"]
[White "Spiegelberg, Silvia"]
[Black "Pavlov, Liliane"]
[Result "1-0"]
[WhiteElo "1911"]
[BlackElo "1714"]
[PlyCount "57"]
[EventDate "2020.??.??"]

1. e4 c5 2. Nf3 d6 3. d4 cxd4 4. Nxd4 Nf6 5. Nc3 a6 6. f3 e5 7. Nb3 Be6 8. Be3
Nbd7 9. Qd2 Be7 10. O-O-O O-O 11. g4 b5 12. h4 Rc8 13. Kb1 Nb6 14. h5 Nc4 15.
Bxc4 bxc4 16. Nc1 Rb8 17. g5 Nd7 18. g6 Nc5 19. h6 fxg6 20. hxg7 Rxf3 21. Bxc5
Qa5 22. Qh6 Kf7 23. Qxh7 Rg8 24. Rdf1 Rf6 25. Rxf6+ Bxf6 26. Bxd6 Rxg7 27. Qh8
Rg8 28. Rh7+ Bg7 29. Rxg7+ 1-0

[Event "FB23 1920 SK Freiburg-Zähringen - SC B"]
[Site "?"]
[Date "2020.02.15"]
[Round "6.5"]
[White "Oberhofer, Marie"]
[Black "Yi, Wendy"]
[Result "1-0"]
[WhiteElo "1739"]
[BlackElo "1816"]
[PlyCount "57"]
[EventDate "2020.??.??"]

1. e4 e5 2. Nf3 Nc6 3. Bb5 a6 4. Ba4 Nf6 5. d3 d6 6. c3 Bg4 7. O-O Be7 8. Re1
O-O 9. Nbd2 b5 10. Bc2 d5 11. h3 Bh5 12. exd5 Qxd5 13. Ne4 Rad8 14. Qe2 Nxe4
15. dxe4 Qe6 16. Be3 Na5 17. b3 Nb7 18. Rad1 Qf6 19. Rxd8 Rxd8 20. Rd1 h6 21.
Rxd8+ Nxd8 22. Qd1 Ne6 23. g4 Bg6 24. Nd2 Qh4 25. Qf3 h5 26. Qg2 Ng5 27. Kh2
Ne6 28. Nf3 Qf6 29. g5 1-0

[Event "FB23 1920 SK 1980 Gernsheim - FC Bayern"]
[Site "?"]
[Date "2020.02.15"]
[Round "6.1"]
[White "Khrapko, Marharyta"]
[Black "Lukas, Anne"]
[Result "1/2-1/2"]
[WhiteElo "2064"]
[BlackElo "1879"]
[PlyCount "102"]
[EventDate "2020.??.??"]

1. e4 d5 2. exd5 Nf6 3. Bb5+ Bd7 4. Be2 Nxd5 5. d4 g6 6. c4 Nb6 7. Nc3 c6 8.
Qb3 Bc8 9. c5 Nd5 10. Bc4 Bg7 11. Nxd5 cxd5 12. Bxd5 O-O 13. Bxb7 Bxb7 14. Qxb7
Nd7 15. Ne2 e5 16. c6 Nb6 17. c7 Qd6 18. O-O exd4 19. Bf4 Qd5 20. Qa6 Rfe8 21.
Nc1 Be5 22. Bxe5 Qxe5 23. Nb3 Qxc7 24. Nxd4 Qc5 25. Rad1 Rad8 26. Nb3 Qc2 27.
Rc1 Qxb2 28. Qxa7 Nd5 29. Rb1 Qf6 30. Rbe1 Nc3 31. Rxe8+ Rxe8 32. Nc1 Qc6 33.
Qd4 Ra8 34. Re1 Nxa2 35. Nd3 Nc3 36. h4 Nb5 37. Qe5 Qc4 38. Nf4 Qd4 39. h5 Qxe5
40. Rxe5 Nd6 41. Kh2 Kg7 42. f3 Ra4 43. Nh3 Nf5 44. Nf2 Kf6 45. Rc5 Rh4+ 46.
Kg1 Ng3 47. Ng4+ Ke6 48. hxg6 hxg6 49. Rc6+ Ke7 50. Ne5 Rh5 51. Ng4 Rd5 1/2-1/2

[Event "FB23 1920 SK 1980 Gernsheim - FC Bayern"]
[Site "?"]
[Date "2020.02.15"]
[Round "6.2"]
[White "Ries, Jutta"]
[Black "Vidonyak, Nellya"]
[Result "0-1"]
[WhiteElo "1993"]
[BlackElo "2130"]
[PlyCount "78"]
[EventDate "2020.??.??"]

1. f4 Nf6 2. Nf3 g6 3. b3 Bg7 4. Bb2 O-O 5. e3 b6 6. c4 Bb7 7. Nc3 d5 8. d4
Nbd7 9. Be2 c5 10. Nxd5 Bxd5 11. cxd5 Nxd5 12. Qd2 cxd4 13. Bxd4 N7f6 14. Rc1
Ne4 15. Qd3 Bxd4 16. Qxd4 Ndc3 17. Rc2 Qxd4 18. Nxd4 Rac8 19. Bf3 f5 20. O-O
Nd5 21. Bxe4 fxe4 22. Nc6 Rc7 23. Kf2 e5 24. g3 a5 25. Rd1 Nf6 26. h3 g5 27.
Rg1 Kh8 28. Ke2 exf4 29. gxf4 gxf4 30. exf4 Nd5 31. Nd4 Rxc2+ 32. Nxc2 Rxf4 33.
Rg3 Rf7 34. Na3 Rg7 35. Kf2 e3+ 36. Kg2 Nf4+ 37. Kf3 e2 38. Nc2 Rxg3+ 39. Kxg3
Nd3 0-1

[Event "FB23 1920 SK 1980 Gernsheim - FC Bayern"]
[Site "?"]
[Date "2020.02.15"]
[Round "6.3"]
[White "Stangl, Anita"]
[Black "Wilke, Tabea"]
[Result "1-0"]
[WhiteElo "1996"]
[BlackElo "1772"]
[PlyCount "97"]
[EventDate "2020.??.??"]

1. e4 e5 2. Nf3 Nc6 3. Bc4 Bc5 4. b4 Bxb4 5. c3 Be7 6. d4 d6 7. Qb3 Na5 8.
Bxf7+ Kf8 9. Qa4 Kxf7 10. Qxa5 b6 11. Qa4 Bd7 12. Qc2 Bf6 13. Bb2 Ne7 14. Nbd2
Rf8 15. Rd1 Ng6 16. Nc4 Qe7 17. Ne3 exd4 18. cxd4 Be6 19. d5 Bc8 20. Bxf6 gxf6
21. Rc1 Bd7 22. O-O Rac8 23. Nd4 Nf4 24. Ndf5 Qd8 25. g3 Ng6 26. Qe2 Qe8 27.
Rxc7 Qd8 28. Nxd6+ Kg8 29. Rxc8 Bxc8 30. Nxc8 Qxc8 31. Qc4 Qh3 32. Nf5 Kh8 33.
Qc3 Ne5 34. f3 Rg8 35. Qe3 Nf7 36. Qf4 Qh5 37. Qh4 Qxh4 38. Nxh4 Ne5 39. Rd1
Rd8 40. Kf2 Nc4 41. Nf5 Kg8 42. Rc1 b5 43. Nd4 a6 44. a4 Na3 45. axb5 axb5 46.
Ra1 b4 47. Nc6 Nc2 48. Ra7 Re8 49. Rb7 1-0

[Event "FB23 1920 SK 1980 Gernsheim - FC Bayern"]
[Site "?"]
[Date "2020.02.15"]
[Round "6.4"]
[White "Mueller, Manon"]
[Black "Ankerst, Milka"]
[Result "1/2-1/2"]
[WhiteElo "1797"]
[BlackElo "2004"]
[PlyCount "127"]
[EventDate "2020.??.??"]

1. d4 Nf6 2. Bg5 e6 3. Nf3 Be7 4. e3 c5 5. c3 b6 6. Be2 Bb7 7. Bxf6 Bxf6 8. O-O
Qe7 9. dxc5 Qxc5 10. Nd4 O-O 11. Nd2 d5 12. N2b3 Qe7 13. Rc1 Nc6 14. Nxc6 Bxc6
15. Nd4 Bb7 16. Qb3 Rac8 17. a4 Rc5 18. Qb4 Qc7 19. Nb3 Rc6 20. Nd4 Be7 21. Qb3
Rc5 22. Qd1 Qe5 23. Nf3 Qf6 24. Qb3 Bd6 25. Rfd1 Qh6 26. Rd4 e5 27. Rh4 Qf6 28.
g3 Bc8 29. a5 bxa5 30. Ra4 Bd7 31. Ra2 Rb8 32. Qd1 a4 33. Ne1 g6 34. Bg4 Bc6
35. Qd2 h5 36. Bd1 Ra5 37. Rca1 Qe6 38. Bxa4 Bxa4 39. Rxa4 Rxa4 40. Rxa4 Bc5
41. Ra5 Rc8 42. Nc2 Qc6 43. Ra1 Rd8 44. Ne1 Qb5 45. Nd3 Re8 46. Nxc5 Qxc5 47.
b4 Qc7 48. Ra5 Rd8 49. Rc5 Qd6 50. Qd3 Kg7 51. Ra5 Rd7 52. Qa6 Qxa6 53. Rxa6
Rc7 54. Ra3 Kf6 55. h3 Kf5 56. Kf1 e4 57. Ke2 Ke5 58. Kd2 Kd6 59. Ra6+ Ke7 60.
Kc2 f6 61. Kb3 g5 62. b5 Rb7 63. Kb4 Rc7 64. Kb3 1/2-1/2

[Event "FB23 1920 SK 1980 Gernsheim - FC Bayern"]
[Site "?"]
[Date "2020.02.15"]
[Round "6.5"]
[White "Butenandt, Svenja"]
[Black "Schardt, Madeleine"]
[Result "1-0"]
[WhiteElo "1889"]
[BlackElo "1845"]
[PlyCount "53"]
[EventDate "2020.??.??"]

1. d4 Nf6 2. c4 e6 3. Nc3 b6 4. e4 Bb4 5. Bd3 Bb7 6. Qc2 h6 7. Nge2 d6 8. Qa4+
Nc6 9. d5 exd5 10. cxd5 Bxc3+ 11. Nxc3 Qd7 12. Bb5 Qd8 13. Bxc6+ Bxc6 14. Qxc6+
Nd7 15. O-O O-O 16. Nb5 a6 17. Nd4 Ne5 18. Qc3 Qh4 19. Nf5 Qxe4 20. Ne7+ Kh8
21. Qxc7 Nd3 22. Qxd6 Rfe8 23. Nc6 Qe2 24. Be3 Nxb2 25. Qf4 Qh5 26. Qd4 Qe2 27.
Bxh6 1-0

[Event "FB23 1920 SK 1980 Gernsheim - FC Bayern"]
[Site "?"]
[Date "2020.02.15"]
[Round "6.6"]
[White "Lerch, Cornelia"]
[Black "Spiel, Marianne"]
[Result "1/2-1/2"]
[WhiteElo "1832"]
[BlackElo "1870"]
[PlyCount "45"]
[EventDate "2020.??.??"]

1. e4 e6 2. d4 d5 3. exd5 exd5 4. Nf3 Nf6 5. Bg5 Bd6 6. Bd3 O-O 7. O-O Bg4 8.
c3 Nbd7 9. Nbd2 c6 10. Qc2 Qc7 11. Rae1 Bxf3 12. Nxf3 Rfe8 13. h3 h6 14. Bxf6
Nxf6 15. Rxe8+ Rxe8 16. Re1 Rxe1+ 17. Nxe1 Qe7 18. Qe2 Qxe2 19. Bxe2 Ne4 20.
Nd3 Kf8 21. Bg4 Ke7 22. Kf1 g6 23. Bd1 1/2-1/2

[Event "FB23 1920 SV Stuttgart-Wolfbusch - Kiss"]
[Site "?"]
[Date "2020.02.15"]
[Round "6.2"]
[White "Timofeeva, Galina"]
[Black "Kiolbasa, Oliwia"]
[Result "0-1"]
[WhiteElo "2050"]
[BlackElo "2153"]
[PlyCount "66"]
[EventDate "2020.??.??"]

1. e4 e5 2. Nf3 Nc6 3. d4 exd4 4. Bc4 Bc5 5. Ng5 Ne5 6. Nxf7 Nxf7 7. Bxf7+ Kf8
8. Bb3 d6 9. O-O Nf6 10. c3 dxc3 11. Nxc3 Qe7 12. Bg5 Be6 13. Bxe6 Qxe6 14. Qf3
Qg4 15. Qxg4 Nxg4 16. Nd5 c6 17. Nc7 Rc8 18. Ne6+ Kf7 19. Nxc5 dxc5 20. Rac1 b6
21. Rfd1 Ke6 22. h3 Nf6 23. f3 h6 24. Be3 Rhd8 25. g4 Rd7 26. h4 Rcd8 27. Re1
Rf7 28. g5 hxg5 29. hxg5 Nh5 30. Kf2 Rdf8 31. Ke2 Rxf3 32. Kd2 Nf4 33. Rg1 Rd8+
0-1

[Event "FB23 1920 SV Stuttgart-Wolfbusch - Kiss"]
[Site "?"]
[Date "2020.02.15"]
[Round "6.3"]
[White "Radeva, Viktoria"]
[Black "Siegl, Melina"]
[Result "1-0"]
[WhiteElo "2320"]
[BlackElo "2004"]
[PlyCount "51"]
[EventDate "2020.??.??"]

1. e4 c5 2. Nf3 e6 3. d4 cxd4 4. Nxd4 Nf6 5. Nc3 d6 6. Be2 a6 7. f4 Qc7 8. O-O
Be7 9. Qe1 b5 10. a3 Nfd7 11. Be3 Nc6 12. Nxc6 Qxc6 13. Bf3 Bb7 14. Qg3 g5 15.
e5 d5 16. fxg5 O-O-O 17. a4 b4 18. Ne2 Qc7 19. c3 b3 20. c4 Bc5 21. Bxc5 Qxc5+
22. Kh1 dxc4 23. Bxb7+ Kxb7 24. Rxf7 Kb8 25. Nc3 Qxe5 26. Rxd7 1-0

[Event "FB23 1920 SV Stuttgart-Wolfbusch - Kiss"]
[Site "?"]
[Date "2020.02.15"]
[Round "6.4"]
[White "Klotz, Sonja"]
[Black "Gaboyan, Susanna"]
[Result "0-1"]
[WhiteElo "1944"]
[BlackElo "2195"]
[PlyCount "88"]
[EventDate "2020.??.??"]

1. e4 c5 2. Nc3 Nc6 3. f4 g6 4. Nf3 Bg7 5. g3 d6 6. Bg2 e6 7. d3 Nge7 8. O-O
O-O 9. Be3 Nd4 10. e5 Nef5 11. Bf2 Nxf3+ 12. Bxf3 dxe5 13. fxe5 Bxe5 14. Bxc5
Re8 15. Bf2 Bd7 16. Rb1 Qc7 17. d4 Bg7 18. Ne2 Bc6 19. Bxc6 Qxc6 20. c3 Rad8
21. Qb3 h5 22. Nf4 Bh6 23. Ng2 Bg5 24. Rbe1 h4 25. gxh4 Bf6 26. Bg3 Kg7 27. Be5
Bxe5 28. Rxe5 Rh8 29. Rf4 Rh5 30. Rc5 Qa6 31. Qc4 Qd6 32. Re5 Rdh8 33. Qf1 Kf8
34. Qf3 Qb6 35. Qf2 g5 36. Rf3 gxh4 37. Ne3 Rg5+ 38. Kf1 Nxe3+ 39. Rexe3 Rh7
40. Rf6 Rhg7 41. Re2 Qb5 42. Qe3 Rg1+ 43. Kf2 R7g2+ 44. Kf3 Qh5+ 0-1

[Event "FB23 1920 SV Stuttgart-Wolfbusch - Kiss"]
[Site "?"]
[Date "2020.02.15"]
[Round "6.5"]
[White "Mehling, Katharina"]
[Black "Kobald, Jacqueline"]
[Result "0-1"]
[WhiteElo "2009"]
[BlackElo "1872"]
[PlyCount "58"]
[EventDate "2020.??.??"]

1. d4 Nf6 2. Nc3 d5 3. Bg5 Nbd7 4. f3 c5 5. e4 cxd4 6. Qxd4 e5 7. Qa4 d4 8. Nd5
Be7 9. Bxf6 Bxf6 10. Bb5 Be7 11. Ne2 O-O 12. c3 Nc5 13. Qc2 a6 14. cxd4 exd4
15. Bd3 Qa5+ 16. Kf1 Qd8 17. Nxd4 Be6 18. Nxe7+ Qxe7 19. Nxe6 Nxe6 20. Rc1 Qd7
21. Rd1 Rac8 22. Qd2 Rfd8 23. Ke1 Qa4 24. b3 Qa3 25. Qf2 Nf4 26. Qe3 Nxd3+ 27.
Rxd3 Rxd3 28. Qxd3 Qc1+ 29. Qd1 Qe3+ 0-1

[Event "FB23 1920 SV Stuttgart-Wolfbusch - Kiss"]
[Site "?"]
[Date "2020.02.15"]
[Round "6.6"]
[White "Mijatovic, Andrea"]
[Black "Reichert, Claudia"]
[Result "0-1"]
[WhiteElo "1955"]
[BlackElo "1680"]
[PlyCount "90"]
[EventDate "2020.??.??"]

1. e4 c5 2. Nf3 Nc6 3. d4 cxd4 4. Nxd4 g6 5. Nc3 Bg7 6. Be3 d6 7. Be2 Nf6 8.
O-O O-O 9. Kh1 Bd7 10. f4 a6 11. h3 h5 12. Nf3 Rc8 13. Ng5 Nh7 14. Nxh7 Kxh7
15. g4 hxg4 16. Bxg4 Na5 17. f5 Nc4 18. Qe1 Nxe3 19. Qxe3 e6 20. Rad1 Rc6 21.
Qf2 exf5 22. exf5 gxf5 23. Bxf5+ Bxf5 24. Qxf5+ Kg8 25. Rg1 Qh4 26. Rg5 Rc5 27.
Nd5 f6 28. Qe6+ Kh8 29. Rdg1 fxg5 30. Ne7 Re5 31. Ng6+ Kh7 32. Nxf8+ Bxf8 33.
Qf7+ Bg7 34. Qf3 Qf4 35. Qd3+ Qe4+ 36. Qxe4+ Rxe4 37. Rxg5 Re1+ 38. Kg2 Re2+
39. Kf3 Rxc2 40. b3 Rxa2 41. Rd5 Be5 42. Rd1 Rb2 43. Rd3 Rc2 44. Kg4 Rc3 45.
Rd1 Rxb3 0-1

[Event "FB23 1920 SG Augsburg 1873 - SC Rochade"]
[Site "?"]
[Date "2020.02.15"]
[Round "6.1"]
[White "Wagner, Victoria"]
[Black "Birkholz, Olga"]
[Result "0-1"]
[WhiteElo "1742"]
[BlackElo "2062"]
[PlyCount "90"]
[EventDate "2020.??.??"]

1. e4 d6 2. d4 c6 3. Nc3 Nd7 4. Bc4 b5 5. Bb3 b4 6. Nce2 Ngf6 7. Ng3 e6 8. f4
Nb6 9. N1e2 a5 10. c3 Be7 11. O-O h5 12. e5 Ng8 13. Ne4 d5 14. Nc5 bxc3 15.
bxc3 g6 16. Be3 Nh6 17. Rb1 Ng4 18. Bf2 O-O 19. Na4 Nxa4 20. Bxa4 Qc7 21. Rb2
Ba6 22. Qc2 c5 23. h3 Nxf2 24. Rxf2 Rab8 25. Rxb8 Rxb8 26. Nc1 Bh4 27. Rd2 Bg3
28. Ne2 Bxe2 29. Rxe2 Bxf4 30. Kf2 Qa7 31. Qd3 cxd4 32. Qxd4 Qxd4+ 33. cxd4 Rb4
34. Be8 Kf8 35. Bc6 Rxd4 36. a4 Rd2 37. Rxd2 Bxd2 38. Kf3 g5 39. h4 g4+ 40. Kg3
Be1+ 41. Kf4 Bxh4 42. g3 Bd8 43. Bb5 Kg7 44. Bc6 Kg6 45. Be8 Bg5# 0-1

[Event "FB23 1920 SG Augsburg 1873 - SC Rochade"]
[Site "?"]
[Date "2020.02.15"]
[Round "6.2"]
[White "Horvath, Maria"]
[Black "Wagner, Margarethe"]
[Result "1-0"]
[WhiteElo "1975"]
[BlackElo "1815"]
[PlyCount "87"]
[EventDate "2020.??.??"]

1. d4 Nf6 2. Nf3 g6 3. c4 Bg7 4. Nc3 O-O 5. e4 d6 6. Be2 e5 7. O-O Nc6 8. d5
Ne7 9. Ne1 Nd7 10. Be3 f5 11. f3 f4 12. Bf2 g5 13. a4 Ng6 14. a5 h5 15. Nd3 Nf6
16. c5 g4 17. cxd6 cxd6 18. Nb5 gxf3 19. Bxf3 Bg4 20. Nxa7 Qd7 21. Qa4 Qe7 22.
Rac1 Bd7 23. Qb4 Ng4 24. Nb5 Bxb5 25. Qxb5 Rfc8 26. b4 Bh6 27. Rc4 Bg5 28. Rfc1
Rxc4 29. Qxc4 Nf8 30. Qc7 Re8 31. Qxe7 Rxe7 32. Bb6 Kf7 33. Bd8 Nd7 34. Bxe7
Kxe7 35. Rc7 Kd8 36. Rxb7 Kc8 37. Ra7 Ngf6 38. Ra6 Bh6 39. Rxd6 Bf8 40. Rc6+
Kb7 41. a6+ Ka7 42. Nc5 Kb8 43. a7+ Ka8 44. Rc8+ 1-0

[Event "FB23 1920 SG Augsburg 1873 - SC Rochade"]
[Site "?"]
[Date "2020.02.15"]
[Round "6.3"]
[White "Jacke, Corinna"]
[Black "Woniak, Katarzyna"]
[Result "1/2-1/2"]
[WhiteElo "1946"]
[BlackElo "1941"]
[PlyCount "51"]
[EventDate "2020.??.??"]

1. e4 g6 2. d4 Bg7 3. Nf3 c6 4. c4 d6 5. Be2 Bg4 6. O-O Nf6 7. Nc3 O-O 8. Qb3
Qc7 9. Be3 Nbd7 10. Rfd1 a6 11. a4 Bxf3 12. Bxf3 Rfd8 13. Rac1 Qb6 14. Qa3 a5
15. e5 Ne8 16. exd6 exd6 17. d5 c5 18. Nb5 Ne5 19. Be2 Nc7 20. f4 Nd7 21. Rc2
Nxb5 22. axb5 Re8 23. Bf3 Qd8 24. Bf2 Qf6 25. Bg4 Nb6 26. g3 1/2-1/2

[Event "FB23 1920 SG Augsburg 1873 - SC Rochade"]
[Site "?"]
[Date "2020.02.15"]
[Round "6.4"]
[White "Amelang, Astrid"]
[Black "Riemer-Nlula, Marion"]
[Result "1/2-1/2"]
[WhiteElo "2052"]
[BlackElo "1807"]
[PlyCount "26"]
[EventDate "2020.??.??"]

1. f4 d5 2. b3 Nc6 3. Nf3 Bg4 4. e3 e5 5. fxe5 Nxe5 6. Be2 Bd6 7. d4 Nxf3+ 8.
Bxf3 Qh4+ 9. Kd2 Nf6 10. Nc3 O-O-O 11. h3 Bxf3 12. gxf3 Qg3 13. Nb5 a6 1/2-1/2

[Event "FB23 1920 SG Augsburg 1873 - SC Rochade"]
[Site "?"]
[Date "2020.02.15"]
[Round "6.5"]
[White "Dietrich, Mareike"]
[Black "Braun, Kristin"]
[Result "1/2-1/2"]
[WhiteElo "1697"]
[BlackElo "1924"]
[PlyCount "44"]
[EventDate "2020.??.??"]

1. e4 c5 2. Nf3 d6 3. d4 cxd4 4. Nxd4 Nf6 5. Nc3 g6 6. Be3 Bg7 7. f3 Nc6 8. Qd2
O-O 9. g4 Be6 10. Nxe6 fxe6 11. h4 Qe8 12. O-O-O Qf7 13. Be2 h5 14. g5 Nd7 15.
f4 Rfd8 16. Rdf1 Rac8 17. Kb1 Nc5 18. Bxc5 dxc5 19. Qe3 Bd4 20. Qh3 Na5 21. f5
exf5 22. exf5 Rf8 1/2-1/2

[Event "FB23 1920 FC Bayern München - SK Freib"]
[Site "?"]
[Date "2020.02.16"]
[Round "7.1"]
[White "Paddock, Silvia"]
[Black "Khrapko, Marharyta"]
[Result "0-1"]
[WhiteElo "2189"]
[BlackElo "2064"]
[PlyCount "54"]
[EventDate "2020.??.??"]

1. e4 c5 2. Nf3 Nc6 3. d4 cxd4 4. Nxd4 e5 5. Nb5 d6 6. N1c3 a6 7. Na3 Be7 8.
Nc4 b5 9. Ne3 Nf6 10. Bd3 O-O 11. O-O Kh8 12. a4 b4 13. Ncd5 Nxd5 14. Nxd5 Bg5
15. f4 exf4 16. Bxf4 Bxf4 17. Rxf4 Qg5 18. Qf1 Ra7 19. Qf2 Qe5 20. c3 bxc3 21.
bxc3 Be6 22. Rf1 f6 23. Qb6 Bd7 24. Bxa6 Rb8 25. Qf2 Rxa6 26. Nxf6 gxf6 27.
Rxf6 Qc5 0-1

[Event "FB23 1920 FC Bayern München - SK Freib"]
[Site "?"]
[Date "2020.02.16"]
[Round "7.2"]
[White "Stangl, Anita"]
[Black "Hund, Barbara"]
[Result "1/2-1/2"]
[WhiteElo "1996"]
[BlackElo "2084"]
[PlyCount "27"]
[EventDate "2020.??.??"]

1. e4 e5 2. Nf3 Nc6 3. Bc4 Nf6 4. Ng5 d5 5. exd5 Na5 6. Bb5+ Bd7 7. Qe2 Bd6 8.
Bxd7+ Qxd7 9. c4 c6 10. d4 O-O 11. O-O exd4 12. Bd2 b6 13. Bxa5 bxa5 14. dxc6
1/2-1/2

[Event "FB23 1920 FC Bayern München - SK Freib"]
[Site "?"]
[Date "2020.02.16"]
[Round "7.4"]
[White "Butenandt, Svenja"]
[Black "Yi, Wendy"]
[Result "1-0"]
[WhiteElo "1889"]
[BlackElo "1816"]
[PlyCount "67"]
[EventDate "2020.??.??"]

1. d4 d5 2. c4 e6 3. Nc3 Nf6 4. cxd5 exd5 5. Bg5 c6 6. e3 Bd6 7. Bd3 Nbd7 8.
Qc2 Nf8 9. Nge2 Bg4 10. f3 Bh5 11. O-O Bg6 12. e4 dxe4 13. Nxe4 Be7 14. Rfe1
Ne6 15. Bxf6 gxf6 16. Qc3 Kf8 17. Bc4 Nc7 18. Nf4 Nd5 19. Bxd5 cxd5 20. Nc5 Qd6
21. Qe3 b6 22. Na4 Re8 23. Nc3 Kg7 24. Nfxd5 Bd8 25. Qxe8 Rxe8 26. Rxe8 b5 27.
a3 a5 28. b4 axb4 29. axb4 Bd3 30. Ra8 Bb6 31. Rg8+ Kh6 32. Rg4 f5 33. Rh4+ Kg7
34. Ra6 1-0

[Event "FB23 1920 FC Bayern München - SK Freib"]
[Site "?"]
[Date "2020.02.16"]
[Round "7.6"]
[White "Renner, Gabriele"]
[Black "Kuenle, Teresa"]
[Result "1-0"]
[WhiteElo "1943"]
[BlackElo "1843"]
[PlyCount "81"]
[EventDate "2020.??.??"]

1. e4 c5 2. Nc3 Nc6 3. d3 e6 4. Nf3 Be7 5. Be2 d6 6. O-O Nf6 7. Re1 a6 8. Bf1
Ng4 9. h3 Nge5 10. Nxe5 Nxe5 11. d4 cxd4 12. Qxd4 Bf6 13. Qa4+ Bd7 14. Qb3 Bc6
15. Be3 O-O 16. Rad1 Qe7 17. Bf4 Rfd8 18. Rd2 Bg5 19. Be3 Bxe3 20. Rxe3 Qg5 21.
Rd1 Qg6 22. Kh1 Qh6 23. Kg1 Qg6 24. Rg3 Qf6 25. Qb4 Qe7 26. Qd4 Rd7 27. Qe3 Qf6
28. Be2 Rad8 29. f4 Ng6 30. f5 exf5 31. exf5 Re7 32. Qb6 Rde8 33. fxg6 Rxe2 34.
gxf7+ Qxf7 35. Nxe2 Rxe2 36. Rf1 Qe7 37. Qb3+ Kh8 38. Qf7 Qe3+ 39. Rf2 Qc1+ 40.
Kh2 Rxf2 41. Qxg7# 1-0

[Event "FB23 1920 SC Bavaria Regensburg 1881 - "]
[Site "?"]
[Date "2020.02.16"]
[Round "7.1"]
[White "Lukas, Anne"]
[Black "Bardorz, Jana"]
[Result "1-0"]
[WhiteElo "1879"]
[BlackElo "1963"]
[PlyCount "141"]
[EventDate "2020.??.??"]

1. g3 e5 2. c4 Nc6 3. Bg2 f5 4. Nc3 Nf6 5. d3 Bb4 6. Bd2 d6 7. e3 Be6 8. Nd5
Bxd2+ 9. Qxd2 e4 10. Nxf6+ Qxf6 11. dxe4 fxe4 12. Bxe4 Ne5 13. Qd4 O-O 14. f4
Nxc4 15. Qxf6 Rxf6 16. Kf2 d5 17. Bc2 Re8 18. b3 Nd6 19. Nf3 c6 20. h3 h5 21.
Rad1 Bd7 22. Ng5 Nf7 23. Nxf7 Kxf7 24. e4 Re7 25. exd5 cxd5 26. Rd4 Rfe6 27.
Bd3 g6 28. Rd1 Re3 29. Bf1 Bc6 30. R1d2 R3e4 31. Rxe4 dxe4 32. Ke3 Kf6 33. Bc4
Bd7 34. Rd6+ Kg7 35. h4 Bf5 36. Bd5 b6 37. Rc6 Rd7 38. Bxe4 Re7 39. Rc4 Kf6 40.
Kd3 Rd7+ 41. Kc3 Bxe4 42. Rxe4 Rd5 43. b4 a5 44. Kc4 Rd2 45. bxa5 bxa5 46. a3
Rc2+ 47. Kb3 Rc5 48. Re3 Kf5 49. Ka4 Kf6 50. Kb3 Rb5+ 51. Kc4 Rb1 52. Rb3 Rd1
53. Rb5 Rc1+ 54. Kb3 Rf1 55. Ka4 Rf3 56. Rb3 Rf1 57. Kxa5 Ke7 58. Rd3 Ra1 59.
a4 Ke6 60. Kb5 Rb1+ 61. Ka6 Ra1 62. a5 Rb1 63. Re3+ Kf5 64. Re5+ Kf6 65. Ka7
Rb3 66. Rg5 Rb2 67. a6 Rb3 68. Ka8 Ra3 69. Kb7 Rb3+ 70. Kc6 Ra3 71. Kb6 1-0